[Event "1SM"]
[Site "Sharjah Chess Club"]
[Date "2017.03.27"]
[Round "5.13"]
[White "Iturrizaga Bonelli, Eduardo"]
[Black "Debashis, Das"]
[Result "1/2-1/2"]
[BlackElo "2480"]
[WhiteElo "2673"]
[LiveChessVersion "1.4.8"]

1. Nf3 {[%clk 1:40:56]} Nf6 {[%clk 1:40:35]} 2. c4 {[%clk 1:41:16]} e6
{[%clk 1:40:57]} 3. g3 {[%clk 1:39:49]} d5 {[%clk 1:41:22]} 4. d4
{[%clk 1:40:00]} dxc4 {[%clk 1:41:19]} 5. Bg2 {[%clk 1:40:21]} Nbd7
{[%clk 1:41:33]} 6. a4 {[%clk 1:18:57]} c6 {[%clk 1:26:07]} 7. Nfd2
{[%clk 1:10:58]} e5 {[%clk 1:25:40]} 8. Nxc4 {[%clk 1:02:45]} exd4
{[%clk 1:22:31]} 9. Qxd4 {[%clk 0:59:29]} Nb6 {[%clk 1:15:32]} 10. Qxd8+
{[%clk 0:27:15]} Kxd8 {[%clk 1:15:56]} 11. Na5 {[%clk 0:24:55]} Bb4+
{[%clk 0:52:23]} 12. Bd2 {[%clk 0:25:13]} Bxd2+ {[%clk 0:52:47]} 13. Nxd2
{[%clk 0:25:40]} Re8 {[%clk 0:53:11]} 14. b4 {[%clk 0:23:44]} Nfd5
{[%clk 0:31:19]} 15. b5 {[%clk 0:22:08]} cxb5 {[%clk 0:31:09]} 16. axb5
{[%clk 0:22:31]} Nc3 {[%clk 0:30:59]} 17. e3 {[%clk 0:12:06]} Re7
{[%clk 0:27:00]} 18. Ndb3 {[%clk 0:09:54]} Nxb5 {[%clk 0:21:08]} 19. Nc5
{[%clk 0:09:50]} Rb8 {[%clk 0:19:43]} 20. Na6 {[%clk 0:07:05]} Ra8
{[%clk 0:19:47]} 21. Nc5 {[%clk 0:03:51]} Rb8 {[%clk 0:18:31]} 22. Na6
{[%clk 0:03:34]} Ra8 {[%clk 0:18:57]} 23. Rc1 {[%clk 0:03:50]} Ke8
{[%clk 0:09:43]} 24. Rc5 {[%clk 0:02:43]} f6 {[%clk 0:04:07]} 25. O-O
{[%clk 0:02:45]} Bh3 {[%clk 0:04:32]} 26. Bxb7 {[%clk 0:02:21]} Bxf1
{[%clk 0:03:34]} 27. Kxf1 {[%clk 0:02:49]} Nd6 {[%clk 0:02:25]} 28. Bxa8
{[%clk 0:00:36]} Nxa8 {[%clk 0:02:50]} 29. Rc6 {[%clk 0:00:38]} Rd7
{[%clk 0:02:16]} 30. Nc5 {[%clk 0:01:07]} Rc7 {[%clk 0:02:26]} 31. Rxd6
{[%clk 0:01:36]} Rxc5 {[%clk 0:02:50]} 32. Ra6 {[%clk 0:01:27]} Rc7
{[%clk 0:00:34]} 33. Nc6 {[%clk 0:01:56]} Rb7 {[%clk 0:00:33]} 34. Nxa7
{[%clk 0:02:13]} Nc7 {[%clk 0:00:47]} 35. Ra2 {[%clk 0:02:31]} Ne6
{[%clk 0:00:42]} 36. Nc6 {[%clk 0:02:28]} Rb6 {[%clk 0:00:45]} 37. Rc2
{[%clk 0:02:14]} g5 {[%clk 0:00:34]} 38. h3 {[%clk 0:02:23]} h5 {[%clk 0:00:56]}
39. Kg2 {[%clk 0:02:08]} g4 {[%clk 0:01:04]} 40. Rc4 {[%clk 0:01:45]} Kf7
{[%clk 0:00:39]} 41. h4 {[%clk 0:00:36]} Rb5 {[%clk 0:00:39]} 42. Ra4
{[%clk 0:00:48]} f5 {[%clk 0:00:31]} 43. Ra7+ {[%clk 0:00:58]} Kf6
{[%clk 0:00:50]} 44. Rh7 {[%clk 0:01:02]} Kg6 {[%clk 0:00:34]} 45. Re7
{[%clk 0:01:23]} Ng7 {[%clk 0:00:48]} 46. Nd4 {[%clk 0:01:05]} Rb6
{[%clk 0:01:01]} 47. Re5 {[%clk 0:00:47]} Kf6 {[%clk 0:00:57]} 48. Ra5
{[%clk 0:01:15]} Rd6 {[%clk 0:01:11]} 49. Kf1 {[%clk 0:01:27]} Rb6
{[%clk 0:01:23]} 50. Ra8 {[%clk 0:00:48]} Rb1+ {[%clk 0:01:39]} 51. Kg2
{[%clk 0:01:14]} Rb6 {[%clk 0:02:05]} 52. Rc8 {[%clk 0:00:58]} Ra6
{[%clk 0:02:01]} 53. Rb8 {[%clk 0:01:18]} Kg6 {[%clk 0:02:18]} 54. Rf8
{[%clk 0:00:52]} Rb6 {[%clk 0:02:26]} 55. Ne2 {[%clk 0:00:51]} Ne6
{[%clk 0:02:42]} 56. Nf4+ {[%clk 0:01:02]} Nxf4+ {[%clk 0:02:51]} 57. gxf4
{[%clk 0:01:29]} Rb7 {[%clk 0:02:12]} 58. Rg8+ {[%clk 0:01:51]} Kf6
{[%clk 0:01:51]} 59. Rg5 {[%clk 0:02:17]} Rh7 {[%clk 0:02:15]} 60. Kg3
{[%clk 0:02:19]} Rh8 {[%clk 0:02:41]} 61. f3 {[%clk 0:02:15]} gxf3
{[%clk 0:03:10]} 62. Kxf3 {[%clk 0:02:34]} Rh7 {[%clk 0:03:38]} 63. e4
{[%clk 0:01:59]} fxe4+ {[%clk 0:04:05]} 64. Kxe4 {[%clk 0:02:26]} Ra7
{[%clk 0:04:18]} 65. Rxh5 {[%clk 0:02:45]} Ra4+ {[%clk 0:04:45]} 66. Kf3
{[%clk 0:03:10]} Ra1 {[%clk 0:02:38]} 67. Rg5 {[%clk 0:02:30]} Rf1+
{[%clk 0:01:59]} 68. Kg4 {[%clk 0:02:58]} Rg1+ {[%clk 0:02:19]} 69. Kh5
{[%clk 0:03:25]} Rf1 {[%clk 0:02:17]} 70. Rg8 {[%clk 0:03:29]} Kf7
{[%clk 0:02:29]} 71. Rg4 {[%clk 0:03:51]} Kf6 {[%clk 0:01:18]} 72. Kh6
{[%clk 0:04:17]} Kf7 {[%clk 0:00:39]} 73. h5 {[%clk 0:04:22]} Rf2
{[%clk 0:00:43]} 74. Kg5 {[%clk 0:01:32]} Kg7 {[%clk 0:00:55]} 75. Rg3
{[%clk 0:01:23]} Rf1 {[%clk 0:01:01]} 76. h6+ {[%clk 0:00:37]} Kh7
{[%clk 0:01:22]} 77. f5 {[%clk 0:00:50]} Ra1 {[%clk 0:01:39]} 78. Rg4
{[%clk 0:00:44]} Rb1 {[%clk 0:01:47]} 79. Rg2 {[%clk 0:01:07]} Ra1
{[%clk 0:02:11]} 80. Rd2 {[%clk 0:01:01]} Rg1+ {[%clk 0:02:37]} 81. Kf6
{[%clk 0:01:29]} Ra1 {[%clk 0:03:05]} 82. Re2 {[%clk 0:01:06]} Rb1
{[%clk 0:02:09]} 83. Kf7 {[%clk 0:00:49]} Kxh6 {[%clk 0:00:40]} 84. f6
{[%clk 0:00:34]} Rb7+ {[%clk 0:01:00]} 85. Re7 {[%clk 0:00:34]} Rb8
{[%clk 0:01:26]} 86. Re8 {[%clk 0:00:42]} Rb7+ {[%clk 0:01:52]} 87. Re7
{[%clk 0:01:06]} Rb8 {[%clk 0:02:19]} 88. Rd7 {[%clk 0:01:23]} Kh7
{[%clk 0:02:30]} 89. Ra7 {[%clk 0:01:33]} Kh6 {[%clk 0:02:47]} 90. Rc7
{[%clk 0:01:29]} Kh7 {[%clk 0:03:11]} 91. Rd7 {[%clk 0:01:50]} Ra8
{[%clk 0:03:32]} 92. Rd2 {[%clk 0:02:13]} Ra7+ {[%clk 0:03:40]} 93. Ke6
{[%clk 0:02:19]} Kg6 {[%clk 0:01:44]} 94. Rg2+ {[%clk 0:02:28]} Kh7
{[%clk 0:02:09]} 95. Rg5 {[%clk 0:02:11]} Ra6+ {[%clk 0:01:47]} 96. Kf5
{[%clk 0:02:38]} Ra5+ {[%clk 0:01:24]} 97. Kg4 {[%clk 0:03:06]} Ra4+
{[%clk 0:01:21]} 98. Kh5 {[%clk 0:03:27]} Rf4 {[%clk 0:01:43]} 99. Rg7+
{[%clk 0:03:30]} Kh8 {[%clk 0:02:10]} 100. Rg6 {[%clk 0:03:44]} Kh7
{[%clk 0:02:11]} 101. Rh6+ {[%clk 0:03:52]} Kg8 {[%clk 0:02:36]} 102. Kg6
{[%clk 0:04:20]} Rg4+ {[%clk 0:02:32]} 103. Kf5 {[%clk 0:04:48]} Ra4
{[%clk 0:02:51]} 104. Rh3 {[%clk 0:05:11]} Ra1 {[%clk 0:01:58]} 105. Rd3
{[%clk 0:05:00]} Kf7 {[%clk 0:02:05]} 106. Rd7+ {[%clk 0:05:25]} Kf8
{[%clk 0:02:32]} 107. f7 {[%clk 0:05:50]} Rf1+ {[%clk 0:02:55]} 108. Ke6
{[%clk 0:06:17]} Re1+ {[%clk 0:03:22]} 1/2-1/2

[Event "1SM"]
[Site "Sharjah Chess Club"]
[Date "2017.03.27"]
[Round "5.14"]
[White "Sargissian, Gabriel"]
[Black "Narayanan, Srinath"]
[Result "1/2-1/2"]
[BlackElo "2472"]
[WhiteElo "2666"]
[LiveChessVersion "1.4.8"]

1. d4 {[%clk 1:40:58]} Nf6 {[%clk 1:40:52]} 2. c4 {[%clk 1:41:22]} e6
{[%clk 1:40:51]} 3. Nf3 {[%clk 1:41:45]} b6 {[%clk 1:41:13]} 4. g3
{[%clk 1:42:09]} a5 {[%clk 1:40:45]} 5. Nc3 {[%clk 1:37:19]} d5 {[%clk 1:27:46]}
6. cxd5 {[%clk 1:35:53]} exd5 {[%clk 1:28:01]} 7. Bg2 {[%clk 1:35:46]} Be7
{[%clk 1:27:55]} 8. Ne5 {[%clk 1:33:59]} Bb7 {[%clk 1:25:49]} 9. O-O
{[%clk 1:33:00]} O-O {[%clk 1:26:02]} 10. Bg5 {[%clk 1:25:27]} c6
{[%clk 1:08:04]} 11. e4 {[%clk 0:55:54]} Nxe4 {[%clk 1:07:13]} 12. Bxe7
{[%clk 0:54:19]} Qxe7 {[%clk 1:01:15]} 13. Nxe4 {[%clk 0:54:39]} dxe4
{[%clk 1:01:35]} 14. Bxe4 {[%clk 0:54:46]} f6 {[%clk 0:32:24]} 15. Ng6
{[%clk 0:38:05]} hxg6 {[%clk 0:22:11]} 16. Bxg6 {[%clk 0:37:32]} Qe6
{[%clk 0:20:16]} 17. Qh5 {[%clk 0:24:37]} Rd8 {[%clk 0:20:28]} 18. d5
{[%clk 0:23:28]} Rxd5 {[%clk 0:19:25]} 19. Qh7+ {[%clk 0:23:47]} Kf8
{[%clk 0:19:50]} 20. Rae1 {[%clk 0:23:03]} Re5 {[%clk 0:19:59]} 21. Rxe5
{[%clk 0:23:14]} fxe5 {[%clk 0:20:06]} 22. Rd1 {[%clk 0:22:49]} Nd7
{[%clk 0:14:48]} 1/2-1/2

[Event "1SM"]
[Site "Sharjah Chess Club"]
[Date "2017.03.27"]
[Round "5.15"]
[White "Neverov, Valeriy"]
[Black "Mareco, Sandro"]
[Result "0-1"]
[BlackElo "2664"]
[WhiteElo "2477"]
[LiveChessVersion "1.4.8"]

1. e4 {[%clk 1:40:43]} c5 {[%clk 1:40:30]} 2. Nc3 {[%clk 1:40:58]} e6
{[%clk 1:38:17]} 3. g3 {[%clk 1:36:16]} Nc6 {[%clk 1:36:59]} 4. Bg2
{[%clk 1:36:12]} Nf6 {[%clk 1:37:24]} 5. f4 {[%clk 1:29:07]} d5 {[%clk 1:37:42]}
6. e5 {[%clk 1:29:04]} Nd7 {[%clk 1:38:07]} 7. Nf3 {[%clk 1:29:24]} Be7
{[%clk 1:37:47]} 8. O-O {[%clk 1:28:56]} O-O {[%clk 1:37:18]} 9. d3
{[%clk 1:27:09]} Rb8 {[%clk 1:34:44]} 10. a4 {[%clk 1:18:32]} a6 {[%clk 1:30:10]}
11. Ne2 {[%clk 1:17:44]} b5 {[%clk 1:29:54]} 12. axb5 {[%clk 1:17:51]} axb5
{[%clk 1:30:20]} 13. c3 {[%clk 1:16:21]} Nb6 {[%clk 1:30:14]} 14. d4
{[%clk 1:14:37]} b4 {[%clk 1:29:09]} 15. Kh1 {[%clk 1:06:46]} Bd7
{[%clk 1:22:46]} 16. g4 {[%clk 1:00:34]} bxc3 {[%clk 1:15:05]} 17. bxc3
{[%clk 1:00:05]} Ra8 {[%clk 1:02:15]} 18. Be3 {[%clk 0:52:03]} Nc4
{[%clk 1:02:23]} 19. Bg1 {[%clk 0:50:16]} cxd4 {[%clk 0:48:51]} 20. cxd4
{[%clk 0:45:15]} Nb4 {[%clk 0:48:11]} 21. Ng3 {[%clk 0:30:35]} Bb5
{[%clk 0:46:37]} 22. f5 {[%clk 0:29:31]} Nb2 {[%clk 0:42:08]} 23. Qb3
{[%clk 0:23:24]} Bxf1 {[%clk 0:42:10]} 24. Rxf1 {[%clk 0:23:51]} N4d3
{[%clk 0:39:17]} 25. Ne1 {[%clk 0:14:48]} Nxe1 {[%clk 0:35:17]} 26. Rxe1
{[%clk 0:15:13]} Nc4 {[%clk 0:35:42]} 27. fxe6 {[%clk 0:03:43]} fxe6
{[%clk 0:35:57]} 28. Qb7 {[%clk 0:02:32]} Rf7 {[%clk 0:33:25]} 29. Rf1
{[%clk 0:02:37]} Qc8 {[%clk 0:33:44]} 30. Qb5 {[%clk 0:01:58]} Ra5
{[%clk 0:33:10]} 31. Qb1 {[%clk 0:01:00]} Nd2 {[%clk 0:31:37]} 32. Rc1
{[%clk 0:01:02]} Nc4 {[%clk 0:30:09]} 33. Bf1 {[%clk 0:00:40]} Bg5
{[%clk 0:30:25]} 34. Rc2 {[%clk 0:00:38]} Qa8 {[%clk 0:30:45]} 35. Bd3
{[%clk 0:00:35]} Ra1 {[%clk 0:30:48]} 36. Qb5 {[%clk 0:00:35]} Be3
{[%clk 0:31:00]} 37. Rg2 {[%clk 0:00:37]} Bxd4 {[%clk 0:31:01]} 0-1

[Event "1SM"]
[Site "Sharjah Chess Club"]
[Date "2017.03.27"]
[Round "5.16"]
[White "Bluebaum, Matthias"]
[Black "Rathnakaran, K."]
[Result "1-0"]
[BlackElo "2383"]
[WhiteElo "2632"]
[LiveChessVersion "1.4.8"]

1. d4 {[%clk 1:40:50]} Nf6 {[%clk 1:40:55]} 2. c4 {[%clk 1:41:15]} g6
{[%clk 1:41:20]} 3. Nc3 {[%clk 1:41:27]} Bg7 {[%clk 1:41:45]} 4. e4
{[%clk 1:41:52]} d6 {[%clk 1:42:11]} 5. h3 {[%clk 1:42:05]} O-O {[%clk 1:42:33]}
6. Be3 {[%clk 1:42:25]} Na6 {[%clk 1:42:39]} 7. Nf3 {[%clk 1:42:10]} c6
{[%clk 1:43:01]} 8. Be2 {[%clk 1:40:10]} e5 {[%clk 1:43:08]} 9. d5
{[%clk 1:39:09]} cxd5 {[%clk 1:42:44]} 10. cxd5 {[%clk 1:39:07]} Nh5
{[%clk 1:41:34]} 11. Qd2 {[%clk 1:13:31]} f5 {[%clk 1:37:08]} 12. exf5
{[%clk 1:13:57]} gxf5 {[%clk 1:37:16]} 13. Bg5 {[%clk 1:13:27]} Nf6
{[%clk 1:37:09]} 14. Nh2 {[%clk 0:57:04]} Nc5 {[%clk 1:36:18]} 15. b4
{[%clk 0:55:36]} Ncd7 {[%clk 1:36:41]} 16. Rc1 {[%clk 0:47:17]} Rf7
{[%clk 1:33:30]} 17. f4 {[%clk 0:38:24]} Nf8 {[%clk 1:26:31]} 18. fxe5
{[%clk 0:26:14]} dxe5 {[%clk 1:25:57]} 19. Nf3 {[%clk 0:26:12]} e4
{[%clk 1:24:02]} 20. Nd4 {[%clk 0:25:50]} h6 {[%clk 1:10:59]} 21. Bxh6
{[%clk 0:24:22]} Nxd5 {[%clk 1:09:37]} 22. Bxg7 {[%clk 0:15:56]} e3
{[%clk 1:08:01]} 23. Qb2 {[%clk 0:12:07]} Qh4+ {[%clk 1:06:25]} 24. Kd1
{[%clk 0:12:36]} Nxc3+ {[%clk 1:04:36]} 25. Rxc3 {[%clk 0:12:45]} Rxg7
{[%clk 1:04:35]} 26. Rxe3 {[%clk 0:13:00]} Bd7 {[%clk 1:02:31]} 27. Kc1
{[%clk 0:05:25]} a5 {[%clk 0:45:29]} 28. b5 {[%clk 0:05:43]} Re8 {[%clk 0:40:37]}
29. Rxe8 {[%clk 0:05:52]} Bxe8 {[%clk 0:41:00]} 30. Bf3 {[%clk 0:05:40]} Rd7
{[%clk 0:37:17]} 31. Rd1 {[%clk 0:05:36]} Bf7 {[%clk 0:36:53]} 32. Kb1
{[%clk 0:05:24]} Qd8 {[%clk 0:35:12]} 33. Rd2 {[%clk 0:04:43]} a4
{[%clk 0:34:13]} 34. Nxf5 {[%clk 0:03:12]} Bg6 {[%clk 0:34:08]} 35. Bd5+
{[%clk 0:03:34]} Kh7 {[%clk 0:34:08]} 36. Be4 {[%clk 0:03:59]} Ne6
{[%clk 0:33:22]} 37. Rxd7+ {[%clk 0:03:47]} Qxd7 {[%clk 0:33:47]} 38. Bc2
{[%clk 0:03:01]} Nf4 {[%clk 0:29:50]} 39. Qe5 {[%clk 0:01:10]} Nd5
{[%clk 0:28:24]} 40. Nd6 {[%clk 0:01:10]} Bxc2+ 41. Kxc2 {[%clk 0:01:39]} Qc7+
{[%clk 0:27:42]} 42. Kd3 {[%clk 0:01:14]} Nb4+ {[%clk 0:25:19]} 43. Kd4
{[%clk 0:01:30]} Nxa2 {[%clk 0:24:04]} 44. Qh5+ {[%clk 0:01:56]} Kg8
{[%clk 0:24:26]} 45. Qg6+ {[%clk 0:02:20]} Kf8 {[%clk 0:24:31]} 46. Qe8+
{[%clk 0:02:29]} Kg7 {[%clk 0:24:45]} 47. Qe5+ {[%clk 0:02:58]} Kh7
{[%clk 0:24:52]} 48. Qf5+ {[%clk 0:03:23]} Kg8 {[%clk 0:24:06]} 49. Qc8+
{[%clk 0:03:16]} Qxc8 {[%clk 0:24:31]} 50. Nxc8 {[%clk 0:03:45]} a3
{[%clk 0:24:39]} 51. Nd6 {[%clk 0:02:53]} Nb4 {[%clk 0:24:41]} 52. Kc3
{[%clk 0:02:33]} b6 {[%clk 0:24:40]} 53. Kb3 {[%clk 0:01:18]} a2 {[%clk 0:25:04]}
54. Kb2 {[%clk 0:01:48]} Kg7 {[%clk 0:25:12]} 55. Nc4 {[%clk 0:01:05]} Nd5
{[%clk 0:25:25]} 56. Kxa2 {[%clk 0:01:09]} Nc3+ {[%clk 0:25:50]} 57. Kb3
{[%clk 0:01:35]} Nxb5 {[%clk 0:26:14]} 58. Nxb6 {[%clk 0:02:02]} Nd4+
{[%clk 0:25:13]} 59. Kc4 {[%clk 0:02:20]} Ne6 {[%clk 0:24:52]} 60. Nd5
{[%clk 0:02:28]} Kg6 {[%clk 0:24:50]} 61. Kd3 {[%clk 0:02:41]} Kg5
{[%clk 0:24:58]} 62. g3 {[%clk 0:02:26]} Ng7 {[%clk 0:24:21]} 63. Ke3
{[%clk 0:02:22]} Nf5+ {[%clk 0:24:44]} 64. Kf2 {[%clk 0:02:48]} Nd4
{[%clk 0:24:57]} 65. Ne3 {[%clk 0:03:07]} Kg6 {[%clk 0:24:53]} 66. Kg2
{[%clk 0:03:14]} Kf6 {[%clk 0:24:59]} 67. h4 {[%clk 0:02:11]} Ke5
{[%clk 0:25:20]} 68. Kh3 {[%clk 0:02:03]} Ke4 {[%clk 0:25:19]} 69. Ng2
{[%clk 0:01:44]} Kf5 {[%clk 0:25:12]} 70. g4+ {[%clk 0:01:39]} Kf6
{[%clk 0:25:13]} 71. Kg3 {[%clk 0:01:50]} Ne6 {[%clk 0:24:55]} 72. Ne3
{[%clk 0:01:56]} Kg6 {[%clk 0:23:42]} 73. Nd5 {[%clk 0:02:22]} Nd4
{[%clk 0:22:41]} 74. Kf4 {[%clk 0:02:46]} Ne2+ {[%clk 0:21:38]} 75. Ke5
{[%clk 0:02:38]} Ng1 {[%clk 0:21:53]} 76. Kf4 {[%clk 0:02:37]} Ne2+
{[%clk 0:22:07]} 77. Ke3 {[%clk 0:02:57]} Ng3 {[%clk 0:21:40]} 78. Nf4+
{[%clk 0:01:51]} Kf6 {[%clk 0:21:54]} 79. Kf3 {[%clk 0:01:44]} Nf1
{[%clk 0:22:16]} 80. Nd3 {[%clk 0:01:36]} Nd2+ {[%clk 0:21:58]} 81. Kf4
{[%clk 0:02:01]} Nc4 {[%clk 0:22:25]} 82. h5 {[%clk 0:02:11]} Nd6
{[%clk 0:21:32]} 83. g5+ {[%clk 0:02:34]} Kg7 {[%clk 0:20:37]} 84. Kg4
{[%clk 0:02:40]} Nf7 {[%clk 0:20:46]} 85. Nf4 {[%clk 0:02:54]} Nd6
{[%clk 0:19:51]} 86. h6+ {[%clk 0:02:41]} Kh7 {[%clk 0:20:13]} 87. Kh5
{[%clk 0:02:42]} Ne4 {[%clk 0:20:39]} 88. g6+ {[%clk 0:02:58]} Kh8
{[%clk 0:21:04]} 89. Kg4 {[%clk 0:02:18]} Nf6+ {[%clk 0:20:15]} 90. Kf5
{[%clk 0:02:24]} Ng8 {[%clk 0:19:39]} 91. Kg5 {[%clk 0:02:42]} Ne7
{[%clk 0:19:59]} 92. Nh5 {[%clk 0:02:50]} 1-0

[Event "1SM"]
[Site "Sharjah Chess Club"]
[Date "2017.03.27"]
[Round "5.17"]
[White "Asgarizadeh, Ahmad"]
[Black "Sethuraman, S.P."]
[Result "0-1"]
[BlackElo "2629"]
[WhiteElo "2410"]
[LiveChessVersion "1.4.8"]

1. e4 {[%clk 1:40:17]} c5 {[%clk 1:40:52]} 2. Nf3 {[%clk 1:40:31]} d6
{[%clk 1:41:12]} 3. d4 {[%clk 1:40:54]} cxd4 {[%clk 1:41:32]} 4. Nxd4
{[%clk 1:41:19]} Nf6 {[%clk 1:41:57]} 5. Nc3 {[%clk 1:41:45]} a6 {[%clk 1:42:20]}
6. Nb3 {[%clk 1:41:26]} e6 {[%clk 1:34:01]} 7. g4 {[%clk 1:41:25]} Be7
{[%clk 1:30:35]} 8. Be3 {[%clk 1:34:28]} b5 {[%clk 1:30:47]} 9. Bg2
{[%clk 1:34:27]} Bb7 {[%clk 1:31:11]} 10. a3 {[%clk 1:32:17]} Nc6
{[%clk 1:29:41]} 11. g5 {[%clk 1:31:56]} Nd7 {[%clk 1:30:02]} 12. f4
{[%clk 1:32:18]} O-O {[%clk 1:19:49]} 13. h4 {[%clk 1:21:53]} Rc8
{[%clk 1:04:18]} 14. Qe2 {[%clk 1:17:58]} Re8 {[%clk 1:00:18]} 15. Qf2
{[%clk 1:12:24]} Na5 {[%clk 0:53:06]} 16. Nxa5 {[%clk 1:08:39]} Qxa5
{[%clk 0:53:30]} 17. O-O {[%clk 1:08:51]} Rc4 {[%clk 0:52:12]} 18. Rfd1
{[%clk 0:54:14]} Qc7 {[%clk 0:51:35]} 19. Rd4 {[%clk 0:50:27]} Nb6
{[%clk 0:44:40]} 20. Rd2 {[%clk 0:39:52]} Rc6 {[%clk 0:44:40]} 21. Nd5
{[%clk 0:23:26]} exd5 {[%clk 0:43:54]} 22. exd5 {[%clk 0:23:52]} Rc5
{[%clk 0:42:36]} 23. b4 {[%clk 0:21:23]} Rxd5 {[%clk 0:39:49]} 24. Bxb6
{[%clk 0:21:45]} Rxd2 {[%clk 0:39:43]} 25. Bxc7 {[%clk 0:22:08]} Rxf2
{[%clk 0:40:07]} 26. Kxf2 {[%clk 0:22:34]} Bxg2 {[%clk 0:40:28]} 27. Kxg2
{[%clk 0:23:00]} Rc8 {[%clk 0:40:55]} 28. Bb6 {[%clk 0:23:25]} Rxc2+
{[%clk 0:41:18]} 29. Kf3 {[%clk 0:23:53]} f5 {[%clk 0:36:25]} 30. Re1
{[%clk 0:23:21]} Kf7 {[%clk 0:35:37]} 31. Bd4 {[%clk 0:23:07]} Rd2
{[%clk 0:33:59]} 32. Bf2 {[%clk 0:21:19]} Bd8 {[%clk 0:25:44]} 33. Re2
{[%clk 0:20:27]} Rd1 {[%clk 0:26:04]} 34. Re1 {[%clk 0:19:18]} Rxe1
{[%clk 0:23:46]} 35. Bxe1 {[%clk 0:19:43]} Bb6 {[%clk 0:24:12]} 36. h5
{[%clk 0:13:49]} Bd4 {[%clk 0:21:32]} 37. Ke2 {[%clk 0:14:14]} g6
{[%clk 0:19:27]} 38. Kd3 {[%clk 0:11:58]} Bb2 {[%clk 0:19:32]} 39. hxg6+
{[%clk 0:10:05]} Kxg6 {[%clk 0:19:52]} 40. Kc2 {[%clk 0:10:17]} Bg7
{[%clk 0:19:53]} 0-1

[Event "1SM"]
[Site "Sharjah Chess Club"]
[Date "2017.03.27"]
[Round "5.18"]
[White "Ashwath, R."]
[Black "Idani, Pouya"]
[Result "0-1"]
[BlackElo "2576"]
[WhiteElo "2242"]
[LiveChessVersion "1.4.8"]

1. d4 {[%clk 1:40:53]} f5 {[%clk 1:40:54]} 2. Nf3 {[%clk 1:41:08]} Nf6
{[%clk 1:41:19]} 3. g3 {[%clk 1:40:56]} g6 {[%clk 1:41:44]} 4. Bg2
{[%clk 1:41:23]} Bg7 {[%clk 1:42:10]} 5. O-O {[%clk 1:41:44]} O-O
{[%clk 1:42:35]} 6. c4 {[%clk 1:42:08]} d6 {[%clk 1:43:01]} 7. Nc3
{[%clk 1:42:27]} Qe8 {[%clk 1:43:27]} 8. Nd5 {[%clk 1:42:04]} Nxd5
{[%clk 1:43:51]} 9. cxd5 {[%clk 1:42:29]} Nd7 {[%clk 1:44:16]} 10. Ng5
{[%clk 1:40:10]} Nb6 {[%clk 1:44:27]} 11. a4 {[%clk 1:37:55]} c6 {[%clk 1:43:57]}
12. dxc6 {[%clk 1:29:52]} bxc6 {[%clk 1:40:50]} 13. a5 {[%clk 1:29:48]} Nd5
{[%clk 1:40:42]} 14. e4 {[%clk 1:29:42]} fxe4 {[%clk 1:40:56]} 15. Nxe4
{[%clk 1:27:27]} Rb8 {[%clk 1:40:47]} 16. Nc3 {[%clk 1:20:28]} Ba6
{[%clk 1:34:55]} 17. Re1 {[%clk 1:18:12]} Qf7 {[%clk 1:35:23]} 18. Qd2
{[%clk 1:08:35]} Nb4 {[%clk 1:32:48]} 19. Bf1 {[%clk 1:04:18]} Bxf1
{[%clk 1:23:30]} 20. Rxf1 {[%clk 1:04:30]} Qf5 {[%clk 1:23:54]} 21. Ra4
{[%clk 0:52:24]} Nd3 {[%clk 1:23:51]} 22. Nd1 {[%clk 0:50:12]} Rb3
{[%clk 1:13:40]} 23. Qc2 {[%clk 0:47:48]} Nxc1 {[%clk 1:09:38]} 24. Qxc1
{[%clk 0:47:36]} Qb5 {[%clk 1:08:10]} 25. Rc4 {[%clk 0:46:05]} Rc8
{[%clk 0:55:09]} 26. Re1 {[%clk 0:44:42]} Bf6 {[%clk 0:55:29]} 27. Re3
{[%clk 0:40:00]} Rb4 {[%clk 0:54:28]} 28. Rxb4 {[%clk 0:40:04]} Qxb4
{[%clk 0:54:56]} 29. Qc3 {[%clk 0:39:45]} Qxc3 {[%clk 0:48:38]} 30. bxc3
{[%clk 0:30:23]} Rb8 {[%clk 0:48:33]} 31. Kg2 {[%clk 0:30:43]} Rb5
{[%clk 0:48:27]} 32. Re2 {[%clk 0:30:42]} Rxa5 {[%clk 0:48:48]} 33. Rb2
{[%clk 0:30:39]} c5 {[%clk 0:47:35]} 34. dxc5 {[%clk 0:30:29]} Rxc5
{[%clk 0:47:56]} 35. Rb8+ {[%clk 0:30:33]} Kf7 {[%clk 0:48:11]} 36. Ra8
{[%clk 0:30:57]} Ra5 {[%clk 0:48:33]} 37. Kf1 {[%clk 0:31:04]} Ra2
{[%clk 0:48:36]} 0-1

[Event "1SM"]
[Site "Sharjah Chess Club"]
[Date "2017.03.27"]
[Round "5.19"]
[White "Maghsoodloo, Parham"]
[Black "Safranska, Anda"]
[Result "1-0"]
[BlackElo "2217"]
[WhiteElo "2576"]
[LiveChessVersion "1.4.8"]

1. d4 {[%clk 1:40:57]} d6 {[%clk 1:40:46]} 2. Nf3 {[%clk 1:41:18]} g6
{[%clk 1:41:09]} 3. g3 {[%clk 1:41:42]} Bg7 {[%clk 1:41:18]} 4. Bg2
{[%clk 1:42:04]} Nf6 {[%clk 1:40:09]} 5. O-O {[%clk 1:42:26]} O-O
{[%clk 1:40:32]} 6. a4 {[%clk 1:42:53]} a5 {[%clk 1:40:29]} 7. Re1
{[%clk 1:42:08]} Nc6 {[%clk 1:40:18]} 8. d5 {[%clk 1:35:14]} Nb4 {[%clk 1:39:42]}
9. e4 {[%clk 1:35:22]} e5 {[%clk 1:39:14]} 10. Na3 {[%clk 1:31:55]} h6
{[%clk 1:35:21]} 11. c3 {[%clk 1:29:14]} Na6 {[%clk 1:34:20]} 12. Nd2
{[%clk 1:29:42]} Ne8 {[%clk 1:26:27]} 13. Ndc4 {[%clk 1:29:21]} b6
{[%clk 1:24:58]} 14. Nb5 {[%clk 1:21:56]} Bd7 {[%clk 1:19:14]} 15. f4
{[%clk 1:19:29]} Nc5 {[%clk 1:16:57]} 16. Be3 {[%clk 1:17:33]} Qe7
{[%clk 1:11:51]} 17. fxe5 {[%clk 1:12:21]} dxe5 {[%clk 1:12:08]} 18. b4
{[%clk 1:09:21]} Nb7 {[%clk 0:55:02]} 19. d6 {[%clk 1:01:46]} Nbxd6
{[%clk 0:44:17]} 20. Ncxd6 {[%clk 1:01:02]} cxd6 {[%clk 0:44:26]} 21. Bxb6
{[%clk 1:01:25]} axb4 {[%clk 0:42:35]} 22. c4 {[%clk 1:00:18]} Bc6
{[%clk 0:41:20]} 23. Qb3 {[%clk 0:59:30]} Nf6 {[%clk 0:39:02]} 24. Qxb4
{[%clk 0:59:16]} Nd7 {[%clk 0:39:19]} 25. Bc7 {[%clk 0:58:59]} Rfc8
{[%clk 0:38:12]} 26. Bxd6 {[%clk 0:57:57]} Qd8 {[%clk 0:37:54]} 27. a5
{[%clk 0:57:46]} Bf8 {[%clk 0:38:08]} 28. Bxf8 {[%clk 0:54:11]} Qxf8
{[%clk 0:38:24]} 29. Nd6 {[%clk 0:54:21]} Rcb8 {[%clk 0:34:50]} 30. Qa3
{[%clk 0:54:39]} Qe7 {[%clk 0:33:28]} 31. c5 {[%clk 0:53:42]} Kg7
{[%clk 0:25:12]} 32. Bf1 {[%clk 0:50:53]} Qg5 {[%clk 0:24:23]} 33. Qc3
{[%clk 0:48:46]} h5 {[%clk 0:24:06]} 34. h4 {[%clk 0:46:14]} Qe7 {[%clk 0:23:58]}
35. Ra2 {[%clk 0:45:53]} Nf8 {[%clk 0:21:39]} 36. Bc4 {[%clk 0:44:22]} f6
{[%clk 0:21:58]} 37. Bd5 {[%clk 0:42:58]} Qd7 {[%clk 0:20:25]} 38. Rf2
{[%clk 0:39:57]} Nh7 {[%clk 0:18:33]} 39. Ra1 {[%clk 0:37:17]} Ra7
{[%clk 0:18:43]} 40. a6 {[%clk 0:36:33]} Rba8 {[%clk 0:14:25]} 41. Qd3
{[%clk 0:33:14]} Rc7 {[%clk 0:14:32]} 42. Ra5 {[%clk 0:30:24]} Nf8
{[%clk 0:14:20]} 43. Nc4 {[%clk 0:27:57]} Raa7 {[%clk 0:08:17]} 44. Nb6
{[%clk 0:27:08]} Qd8 {[%clk 0:08:00]} 45. Qe3 {[%clk 0:19:40]} Nd7
{[%clk 0:06:11]} 46. Rd2 {[%clk 0:19:44]} Bxd5 {[%clk 0:04:00]} 47. Rxd5
{[%clk 0:18:38]} Qb8 {[%clk 0:02:47]} 48. Rd6 {[%clk 0:16:40]} Rxc5
{[%clk 0:01:14]} 49. Rxd7+ {[%clk 0:16:38]} Rxd7 {[%clk 0:01:40]} 50. Qxc5
{[%clk 0:17:01]} Rd1+ {[%clk 0:00:41]} 51. Kf2 {[%clk 0:17:05]} 1-0